000 00579nam a22001937a 4500
003 OSt
005 20250822012202.0
008 250822b |||||||| |||| 00| 0 eng d
020 _a1-57223-202-1.
040 _aDWC-Main Lib.
_cOC
082 _aCirc.
100 _aTENNANT, S.G.B.
245 _aDucks and geese/
_cTENNANT, S.G.B.
260 _aMinocqua, Wisconsin :
_bWillow Creek Press,
_cc1999.
300 _a96 pages :
_bcolor illustrations ;
_c21 cm.
504 _aIncludes index.
650 _a1. Cooking--Duck. 2. Cooking--Game.
942 _2ddc
_cBK-CIRC
_hCirc.
_n0
999 _c4126
_d4126